The tragedy of Pudd' Nhead Wilson
Đã lưu trong:
| Tác giả chính: | |
|---|---|
| Định dạng: | Sách |
| Ngôn ngữ: | Undetermined |
| Được phát hành: |
New York, Estados Unidos
Harper and Row
1965
|
| Những chủ đề: | |
| Các nhãn: |
Thêm thẻ
Không có thẻ, Là người đầu tiên thẻ bản ghi này!
|
MARC
| LEADER | 00000nam a2200000Ia 4500 | ||
|---|---|---|---|
| 008 | 170316s9999 xx 000 0 und d | ||
| 040 | |a cru BVZT | ||
| 090 | |a 810 T-24tr | ||
| 100 | |a Twain, Mark | ||
| 245 | 4 | |a The tragedy of Pudd' Nhead Wilson | |
| 260 | |a New York, Estados Unidos | ||
| 260 | |b Harper and Row | ||
| 260 | |c 1965 | ||
| 300 | |a 148 páginas | ||
| 650 | |a LITERATURA ESTADOUNIDENSE | ||
| 999 | |c 6205 |d 6205 | ||
| 942 | |c 15 D |h 810 T-24tr |2 z | ||
